Sistema de derecho civil.

Kaydedildi:
Detaylı Bibliyografya
Yazar: Díez-Picazo y Ponce de León, Luis María (autor)
Diğer Yazarlar: Gullón, Antonio (autor)
Materyal Türü: Kitap
Dil:İspanyolca
Baskı/Yayın Bilgisi: Madrid, España: Tecnos, 2012.
Edisyon:Octava edición.
Konular:
Etiketler: Etiketle
Etiket eklenmemiş, İlk siz ekleyin!

MARC

LEADER 00000nam a2200000 a 4500
001 UCK1085
003 CL-VaPUC
005 20220822114450.0
008 041105e20120000SP |||||||||||||||||spa|d
999 |c 435758  |d 435756 
020 |a 978-84-309-5497-1 (v.III-t.1) 
020 |a -978-84-309-5498-8 (v.III-t.2) 
040 |c Pontificia Universidad Católica de Valparaíso 
082 0 4 |a 346.46 DIE 2012  |2 21 
100 0 |a Díez-Picazo y Ponce de León, Luis María  |e autor  |9 487207 
245 1 0 |a Sistema de derecho civil. 
250 |a Octava edición. 
260 |a Madrid, España:  |b Tecnos,  |c 2012. 
300 |a volumen III, tomos 1-2. 
500 |a v.III. t.1-2. c.1 Donación Familia Prof. Alejandro Guzmán Brito. 
505 |a v.III. (Tomo 1). Derechos reales en general. v.III. (Tomo 2). Derechos reales en particular. 
583 |a last modification  |c 20041105 00:00:00  |k Cristina María Rojas Aguilar 
650 0 |a Derecho civil  |9 255013 
650 0 |a Derechos reales  |9 257708 
700 0 |a Gullón, Antonio  |e autor  |9 488909 
942 |c BK  |2 ddc  |n 0 
952 |0 0  |1 0  |2 ddc  |4 0  |6 346_460000000000000_DIE_2012  |7 1  |8 C_AGB  |9 583356  |a BIBDER  |b BIBDER  |d 2022-06-02  |e Donación   |h v.III t.1  |i 5651489  |o 346.46 DIE 2012  |p 5651489  |r 2022-06-02  |t 1  |w 2022-06-02  |y BK_US  |k AGB 
952 |0 0  |1 0  |2 ddc  |4 0  |6 346_460000000000000_DIE_2012  |7 1  |8 C_AGB  |9 583357  |a BIBDER  |b BIBDER  |d 2022-06-02  |e Donación   |h v.III t.2  |i 5651490  |o 346.46 DIE 2012  |p 5651490  |r 2022-06-02  |t 1  |w 2022-06-02  |y BK_US  |k AGB